| 000 | 01062nam a22002777a 4500 | ||
|---|---|---|---|
| 999 |
_c64675 _d64675 |
||
| 005 | 20240530110744.0 | ||
| 008 | 181119s2017 ua a f b 000 0 ara d | ||
| 017 |
_a2017/2810 _bمصر. دار الكتب |
||
| 020 | _a9789778260137 | ||
| 040 |
_aEG-CaGPL _cEG-CaGPL |
||
| 082 | 0 | 4 |
_221 _a624.15136\ _bف هـ |
| 100 | 1 | _aفريدريك ، مارى روبرت | |
| 245 | 1 | 0 |
_aهندسة ميكانيكا التربة / _cتأليف مارى روبرت فريدريك ؛ ترجمة ابراهيم جابر السيد |
| 250 | _aط.1 | ||
| 260 |
_aالاسكندرية : _bدار الكتب والدراسات العربية ، _c2017 . |
||
| 300 |
_a371 ص. ؛ _c24 سم. |
||
| 504 | _aيشتمل على ارجاعات ببليوجرافية | ||
| 650 | 0 | 7 |
_2qrmak _aالتربة |
| 650 | 0 | 7 | _aتاكل المنشات |
| 650 | 0 | 7 | _aالزلازل |
| 650 | 0 | 7 | _aميكانيكا التربة |
| 651 | _2qrmak | ||
| 700 | 0 |
_aابراهيم جابر السيد _eمترجم |
|
| 942 |
_2ddc _cBK |
||